| 000 | 00731nam a2200241 a 4500 | ||
|---|---|---|---|
| 008 | |||
| 020 | _a0442229259 (cased) | ||
| 049 | _aMAIN | ||
| 090 | 0 | 0 | _aNK1548 |
| 100 | 1 | _aKasprisin, Ronald J. | |
| 245 | 1 | 0 |
_aWatercolor in architectural design / _cRonald J. Kasprisin. |
| 260 |
_aNew York : _bVan Nostrand Reinhold, _cc1989. |
||
| 300 |
_axi, 268 p. : _bill. (some col.) ; _c22 cm. |
||
| 504 | _aIncludes bibliographical references. | ||
| 500 | _aIncludes index. | ||
| 650 | 0 | _aColor in design. | |
| 650 | 0 |
_aWatercolor painting _xTechnique. |
|
| 907 |
_a.b10120105 _b04-05-04 _c30-04-04 |
||
| 003 | |||
| 005 | 20230123133707.0 | ||
| 040 | _cNUST | ||
| 942 |
_cBOOKS _kNK1548 |
||
| 999 |
_c153015 _d153015 |
||